Glass in building: a guide to modern architectural glass performance. (Record no. 94264)

MARC details
000 -LEADER
fixed length control field 00997cam a2200373 4500
008 - FIXED-LENGTH DATA ELEMENTS--GENERAL INFORMATION
fixed length control field 090401t1994 xxu||||| |||| 00| 0 eng d
020 ## - INTERNATIONAL STANDARD BOOK NUMBER
International Standard Book Number 0750621702
035 ## - SYSTEM CONTROL NUMBER
System control number (Sirsi) u60899
041 ## - LANGUAGE CODE
Language code of text/sound track or separate title eng
050 ## - LIBRARY OF CONGRESS CALL NUMBER
Classification number 693.96
110 ## - MAIN ENTRY--CORPORATE NAME
Corporate name or jurisdiction name as entry element Pilkington Glass Limited
9 (RLIN) 2905
245 ## - TITLE STATEMENT
Title Glass in building: a guide to modern architectural glass performance.
260 ## - PUBLICATION, DISTRIBUTION, ETC.
Place of publication, distribution, etc. Oxford
Name of publisher, distributor, etc. Butterworth Architecture
Date of publication, distribution, etc. 1994
300 ## - PHYSICAL DESCRIPTION
Extent xi,371p. : ill. : 30cm.
350 ## - PRICE (NR) (BK AM CF MU VM SE) [OBSOLETE]
Price 25
650 ## - SUBJECT ADDED ENTRY--TOPICAL TERM
Topical term or geographic name entry element HEAT
650 ## - SUBJECT ADDED ENTRY--TOPICAL TERM
Topical term or geographic name entry element INSULATION
650 ## - SUBJECT ADDED ENTRY--TOPICAL TERM
Topical term or geographic name entry element LIGHT
650 ## - SUBJECT ADDED ENTRY--TOPICAL TERM
Topical term or geographic name entry element STRENGTH
650 ## - SUBJECT ADDED ENTRY--TOPICAL TERM
Topical term or geographic name entry element WINDOWS
690 ## - LOCAL SUBJECT ADDED ENTRY--TOPICAL TERM (OCLC, RLIN)
Topical term or geographic name as entry element BUILT ENVIRONMENT-BUILDING MATERIALS
700 ## - ADDED ENTRY--PERSONAL NAME
Personal name Button, David and Pye, Brian,
International Standard Serial Number Editor
700 ## - ADDED ENTRY--PERSONAL NAME
Personal name Button, David
700 ## - ADDED ENTRY--PERSONAL NAME
Personal name Colvin, John
700 ## - ADDED ENTRY--PERSONAL NAME
Personal name Cunliffe, Joan
700 ## - ADDED ENTRY--PERSONAL NAME
Personal name Inman, Cliff
700 ## - ADDED ENTRY--PERSONAL NAME
Personal name Jackson, Ken
700 ## - ADDED ENTRY--PERSONAL NAME
Personal name Lightfoot, Gordon
700 ## - ADDED ENTRY--PERSONAL NAME
Personal name Owens, Peter
700 ## - ADDED ENTRY--PERSONAL NAME
Personal name Pye, Brian
700 ## - ADDED ENTRY--PERSONAL NAME
Personal name Waldron, Brian
942 ## - ADDED ENTRY ELEMENTS (KOHA)
Suppress in OPAC 0
948 ## - LOCAL PROCESSING INFORMATION (OCLC); SERIES PART DESIGNATOR (RLIN)
c (OCLC) 04/03/1997
Holdings
Withdrawn status Lost status Source of classification or shelving scheme Damaged status Not for loan Home library Current library Shelving location Date acquired Cost, normal purchase price Total Checkouts Full call number Barcode Date last seen Date last checked out Copy number Cost, replacement price Price effective from Koha item type
    Dewey Decimal Classification     London London Folio 17/05/1995 21.25 8 F693.96 30045761 06/08/2019 08/01/2004 1 21.25 06/08/2019 Book